000 00811nam0a22002411 4500
001 rc\3589398
005 20250610044826.0
035 _a(NLR Aleph) 007701525
090 _a6751707
_c6751707
100 _a20130115d1972 |||y0rusy50 ca
101 1 _arus
_crum
102 _aRU
105 _ay z |||||
200 1 _aПушок-волшебник
_eСказка в 3 ч. для театров кукол
_fПер. с рум. и сцен. ред. Ю. Калишера
_gОтд. распространения драм. произв. ВУОАП
210 _aМосква
_cБ. и.
_d1972
215 _a23 л.
_d29
700 1 _aПопеску
_bАл.Т.
702 1 _aКалишер
_bЮ.
_4730
_4340
801 0 _aRU
_bNLR
_gpsbo
801 1 _aRU
_bELAR
_2rusmarc
852 _aNLR
_j72-8/2458
942 _cBOOK
980 _aNB